000087530 001__ 87530
000087530 005__ 20200716101419.0
000087530 0247_ $$2doi$$a10.1021/acs.inorgchem.8b03366
000087530 0248_ $$2sideral$$a110659
000087530 037__ $$aART-2019-110659
000087530 041__ $$aeng
000087530 100__ $$0(orcid)0000-0002-4829-7590$$aEsteruelas, M.A.
000087530 245__ $$aCycloosmathioborane Compounds: Other Manifestations of the Hückel Aromaticity
000087530 260__ $$c2019
000087530 5060_ $$aAccess copy available to the general public$$fUnrestricted
000087530 5203_ $$aThe discovery of cycloosmathioborane compounds is reported. These species, which are prepared by the simultaneous dehydrogenation of a trihydride hydrogensulfide osmium(IV) complex and a BH 3 NHR 2 amine-borane, bear an Os-S-B three-membered ring, being a manifestation of the 4n + 2 Hückel aromaticity in which n = 0 and where the two p electrons of the ring are provided by the S atom.
000087530 536__ $$9info:eu-repo/grantAgreement/ES/DGA/E06-17R$$9info:eu-repo/grantAgreement/ES/MINECO/CTQ2016-78205-P$$9info:eu-repo/grantAgreement/ES/MINECO/CTQ2016-81797-REDC$$9info:eu-repo/grantAgreement/ES/MINECO/CTQ2017-82935-P
000087530 540__ $$9info:eu-repo/semantics/openAccess$$aAll rights reserved$$uhttp://www.europeana.eu/rights/rr-f/
000087530 590__ $$a4.825$$b2019
000087530 592__ $$a1.349$$b2019
000087530 591__ $$aCHEMISTRY, INORGANIC & NUCLEAR$$b4 / 45 = 0.089$$c2019$$dQ1$$eT1
000087530 593__ $$aChemistry (miscellaneous)$$c2019$$dQ1
000087530 593__ $$aPhysical and Theoretical Chemistry$$c2019$$dQ1
000087530 593__ $$aInorganic Chemistry$$c2019$$dQ1
000087530 655_4 $$ainfo:eu-repo/semantics/article$$vinfo:eu-repo/semantics/acceptedVersion
000087530 700__ $$aFernández, I.
000087530 700__ $$0(orcid)0000-0002-5545-5112$$aGarcía-Yebra, C.
000087530 700__ $$0(orcid)0000-0003-0909-3509$$aMartín, J.$$uUniversidad de Zaragoza
000087530 700__ $$0(orcid)0000-0003-2094-719X$$aOñate, E.
000087530 7102_ $$12010$$2760$$aUniversidad de Zaragoza$$bDpto. Química Inorgánica$$cÁrea Química Inorgánica
000087530 773__ $$g58, 4 (2019), 2265-2269$$pInorg. chem.$$tInorganic Chemistry$$x0020-1669
000087530 8564_ $$s407716$$uhttps://zaguan.unizar.es/record/87530/files/texto_completo.pdf$$yPostprint
000087530 8564_ $$s65260$$uhttps://zaguan.unizar.es/record/87530/files/texto_completo.jpg?subformat=icon$$xicon$$yPostprint
000087530 909CO $$ooai:zaguan.unizar.es:87530$$particulos$$pdriver
000087530 951__ $$a2020-07-16-08:39:12
000087530 980__ $$aARTICLE